V Hostoviciach je vody nad hlavu

Bibliographic Details
Format: Article
Language:Slovak
Subjects:
Source: 1. Nový čas 1. Roč. 3, č. 246 (21.10.1993), s. 7
LEADER 00785nab#a2200301#ar4500
001 000122607
003 SVKKK
005 20180419101806.0
008 130826c1993 xo |||||||||||||||b|slo
FMT
038 |a SVKKK 
040 |a SVKKK  |b slo  |e AACR2 
041 0 |a slo 
044 |a xo  |c SK 
080 |a 362.7/.8  |x (437.67)  |2 2011 
245 1 0 |a V Hostoviciach je vody nad hlavu  |c [autor] (LIS) 
610 2 4 |a Detský domov (Hostovice, Slovensko) 
650 0 4 |a poškodenie strechy  |x zatekanie 
650 0 4 |a rekonštrukčné práce  |x finančná problematika 
651 4 |a Hostovice (Slovensko) 
655 # 4 |a retrokonverzie 
773 0 |t Nový čas  |g Roč. 3, č. 246 (21.10.1993), s. 7 
958 |a RK 
974 |a MI 
992 |a RBX 
BAS
852 |a SVKKK  |b BIB 
998 |a REG